| 000 | 00521nam a2200181Ia 4500 | ||
|---|---|---|---|
| 008 | 240925s9999 xx 000 0 und d | ||
| 020 | _a9788120340879 | ||
| 082 | _a004.165 MAT | ||
| 100 | _aMathur, Sunil | ||
| 245 | 0 | _aMicroprocessor 8086 Architecture, Programing and Interfacing | |
| 250 | _aNA | ||
| 260 |
_aNew Delhi: _bPHI Learning _c,2013. |
||
| 300 |
_a192p. _b0 _fOriginal |
||
| 500 | _aIncludes Index | ||
| 600 | _aComputer Science | ||
| 650 | _aComputer science, information & general works | ||
| 942 | _cBK | ||
| 999 |
_c12543 _d12543 |
||